|
|
|
|
| LEADER |
00000nam a2200000 a 4500 |
| 001 |
vtls001311796 |
| 003 |
SK-MaSNL |
| 005 |
20260301235323.0 |
| 008 |
240509s1997 xo ap r yy slo |
| 015 |
|
|
|a SNBA1998/04-01162
|
| 020 |
|
|
|a 8080540268
|
| 035 |
|
|
|a SNK000264181
|
| 035 |
|
|
|a urn:nbn:sk:snk-amye62
|
| 035 |
|
|
|a urn:nbn:sk:snk-am00ch8d
|
| 035 |
|
|
|a 979A961C-DBFB-439A-8132-044ADA15A674
|
| 040 |
|
|
|a SNK
|b slo
|c SNK
|e AACR2
|
| 041 |
0 |
|
|a slo
|
| 044 |
|
|
|a xo
|c SK
|
| 080 |
|
|
|a 351.74(075.8)
|2 1981
|
| 100 |
1 |
|
|a Hric, Ján,
|d 1935-2017
|4 aut
|9 210476
|
| 245 |
1 |
0 |
|a Vybrané otázky odbornej služobnej prípravy
|c Ján Hric, Roman Štamberský
|
| 260 |
|
|
|a V Bratislave
|b Akadémia Policajného zboru
|c 1997
|
| 300 |
|
|
|a 129 s.
|b fotogr., sch., tab.
|c 29 cm
|
| 500 |
|
|
|a 300 výt.
|
| 504 |
|
|
|a Bibliogr. s. 129
|
| 650 |
0 |
7 |
|a polícia
|x príprava odborná
|2 SNK
|9 632419
|
| 655 |
|
7 |
|a Textbooks (higher)
|2 SNKPHeng
|9 276436
|
| 655 |
|
7 |
|a učebnice vysokých škôl
|2 SNKPH
|9 70191
|
| 700 |
1 |
|
|a Štamberský, Roman
|4 aut
|9 39340
|
| 752 |
|
|
|d Bratislava
|
| 919 |
|
|
|a 80-8054-026-8
|
| 958 |
|
|
|a TL
|
| 958 |
|
|
|a NB
|
| 958 |
|
|
|a UV
|
| 999 |
|
|
|c 974499
|d 976429
|
| 952 |
|
|
|t P60, <09>, [BOOK], {629}
|a SNK
|b SNK
|y NEVYP
|7 0
|o snkB 1289
|i snk4757/971128
|0 0
|1 0
|4 0
|d 1997-11-27
|l 0
|r 2005-01-02 00:00:00
|w 2026-02-24
|
| 952 |
|
|
|t P60, <03>, [BOOK], {603}
|a SNK
|b SNK
|y PREZ
|7 0
|p 17A0108571
|o snkSB 57940
|i snkKSP 11701/97
|0 0
|1 0
|4 0
|d 1997-11-27
|f 1
|l 0
|r 2005-01-02 00:00:00
|w 2026-02-24
|
| 952 |
|
|
|t P60, <04>, [BOOK], {604}
|a SNK
|b SNK
|y VYP
|7 0
|p 17A0108570
|o snkSB 57940 D1
|i snkKSP 11702/97
|0 0
|1 0
|4 0
|d 1997-11-27
|l 0
|r 2005-01-02 00:00:00
|w 2026-02-24
|